书目信息 |
| 题名: |
计算机不能做什么
|
|
| 作者: | 德雷福斯 , Dreyfus 著 ;宁春岩 译 | |
| 分册: | ||
| 出版信息: | 北京 三联书店 1986 |
|
| 页数: | 353页 | |
| 开本: | 20cm | |
| 丛书名: | ||
| 单 册: | ||
| 中图分类: | TP387 , TP11 | |
| 科图分类: | ||
| 主题词: | 人工智能 , 自动化系统--系统理论 | |
| 电子资源: | ||
| ISBN: | ||
| 000 | 00926nam0 2200313 45 | |
| 001 | 0186004251 | |
| 005 | 20040917172217.5 | |
| 010 | @dCNY2.25 | |
| 091 | @a2002.271 | |
| 100 | @a19901014d1986 em y0chiy0121 ea | |
| 101 | 1 | @achi@ceng |
| 102 | @aCN@b110000 | |
| 105 | @ay z 000yy | |
| 106 | @ar | |
| 200 | 10 | @a计算机不能做什么@e人工智能的极限@f(美国)H.L德雷福斯著@F(Mei Guo)H.L De Lei Fu Si Zhu@g宁春岩译@Aji suan ji bu neng zuo shi me |
| 210 | @a北京@c三联书店@d1986 | |
| 215 | @a353页@d20cm | |
| 300 | @a书名原文:What computers cant't do | |
| 510 | 1 | @aWhat computers cant't do@zeng |
| 606 | @a人工智能 | |
| 606 | 0 | @a自动化系统@x系统理论 |
| 690 | @aTP387@v3 | |
| 690 | @aTP11 | |
| 701 | 1 | @a德雷福斯@bH.L@4著@Ade lei fu si |
| 701 | A1 | @aDreyfus@bH.L@4著 |
| 702 | 0 | @a宁春岩@4译@Aning chun yan |
| 801 | 0 | @aCN@b深圳图书馆@c20040917 |
| 801 | 2 | @aCN@bNLC@c20040917 |
| 905 | @f1@b165403@dTP11@e35 | |
| 计算机不能做什么:人工智能的极限/(美国)H.L德雷福斯著/宁春岩译.-北京:三联书店,1986 |
| 353页;20cm |
| 书名原文:What computers cant't do |
| ISBN :CNY2.25 |
| ● |
| 相关链接 |
|
|
|
|
正题名:计算机不能做什么
索取号:TP11/35
 
预约/预借
| 序号 | 登录号 | 条形码 | 馆藏地/架位号 | 状态 | 备注 |
| 1 | 0165403 | 001959848 | 第三借阅区/ [索取号:TP11/35] | 在馆 | |
| 2 | 0165404 | 001327914 | 第二样本阅览室/ [索取号:TP11/35] | 在馆 |